000 00419nam a2200181Ia 4500
001 26099
003 IN-NITTTR
005 20251114233329.0
008 251113s9999||||xx |||||||||||||| ||eng||
040 _beng
040 _cIN-NITTTR
041 _aeng
082 _a004.1 L55C
100 _aLeon, Alexis
245 0 _aComputers today /
_cLeon, Alexis, Leon, Mathews
700 _a Leon, Mathews
942 _2ddc
_cBK
999 _c28728
_d28728